| 000 -LEADER |
| fixed length control field |
00695nam a22001937a 4500 |
| 001 - CONTROL NUMBER |
| control field |
12461 |
| 003 - CONTROL NUMBER IDENTIFIER |
| control field |
BD-DhUAP |
| 005 - DATE AND TIME OF LATEST TRANSACTION |
| control field |
20201112105735.0 |
| 008 - FIXED-LENGTH DATA ELEMENTS--GENERAL INFORMATION |
| fixed length control field |
201112s2004 bg ||||| |||| 00| 0 ben d |
| 020 ## - INTERNATIONAL STANDARD BOOK NUMBER |
| International Standard Book Number |
9843108078 |
| 040 ## - CATALOGING SOURCE |
| Original cataloging agency |
BD-DhUAP |
| Language of cataloging |
Ben |
| Transcribing agency |
BD-DhUAP |
| Modifying agency |
BD-DhUAP |
| 082 ## - DEWEY DECIMAL CLASSIFICATION NUMBER |
| Edition number |
23 |
| Classification number |
954.14 ISL |
| 100 ## - MAIN ENTRY--PERSONAL NAME |
| Personal name |
ইসলাম, কাবেদুল। |
| 245 ## - TITLE STATEMENT |
| Title |
প্রাচীন বাংলার জনপদ ও জনজাতিগোষ্ঠী / |
| Statement of responsibility, etc. |
কাবেদুল ইসলাম। |
| 260 ## - PUBLICATION, DISTRIBUTION, ETC. |
| Place of publication, distribution, etc. |
ঢাকা : |
| Name of publisher, distributor, etc. |
উত্তরণ, |
| Date of publication, distribution, etc. |
c২০০৪। |
| 300 ## - PHYSICAL DESCRIPTION |
| Extent |
২৩২ পৃষ্ঠা ; |
| Dimensions |
২২ সেমি. |
| 651 ## - SUBJECT ADDED ENTRY--GEOGRAPHIC NAME |
| Geographic name |
Bangladesh |
| Form subdivision |
History. |
| 942 ## - ADDED ENTRY ELEMENTS (KOHA) |
| Source of classification or shelving scheme |
|
| Koha item type |
Book |